| 000 | 01077nam a2200337Ia 4500 | ||
|---|---|---|---|
| 003 | OSt | ||
| 005 | 20221007122721.0 | ||
| 006 | a|||||r|||| 00| 0 | ||
| 007 | ta | ||
| 008 | 221006b |||||||| |||| 00| 0 eng d | ||
| 020 | _a9780070146174 (pbk) | ||
| 024 | _a159440 | ||
| 037 |
_b4337, 08/11/2011, New India Book Agency _cTextual |
||
| 040 |
_aPAPL _cPAPL _beng |
||
| 041 |
_2eng _aeng |
||
| 082 | _aCN1, L6;Q0;5-;7 Carpa | ||
| 100 | _aMathews P M | ||
| 245 | 0 |
_aTextbook of quantum mechanics _b Venkatesan K |
|
| 250 | _a2 | ||
| 260 |
_aNew _bDelhi Tata McGraw Hill Education _c2010 |
||
| 300 |
_axvi; 467p. _ccm. |
||
| 500 | _aApendix 425-457p.; Index 460-467p. | ||
| 650 |
_a Angular momentum _9714985 |
||
| 650 | _a Quantum mechanics | ||
| 650 |
_a Relativistic wave equation _9714986 |
||
| 650 | _a Scattering theory | ||
| 650 | _aPhysics | ||
| 700 |
_a Venkatesan K _9640592 |
||
| 942 |
_hCN1, L6;Q0;5-;7 Carpa _cTEXL _2CC |
||
| 999 |
_c1210810 _d1210810 |
||